000 00741nam a22002537a 4500
008 130612b xxu||||| |||| 00| 0 eng d
024 _cAvailable
037 _cAvailable
040 _aMBSTU LIBRARY
_dMBSTU LIBRARY
082 _222
_a530.15 RAC
100 _aRanaman, Md. Abdur.
245 _aCollege mathematical methods : mathematical physics.
250 _a1st.
260 _aDhaka
_bNahar Book Depot.
_c1997
300 _a20 cm.
_bxv,510 page.
_f10
_g20 cm.
440 _v2
600 _2Mathematical physics.
650 _2Mathematical physics.
700 _aRanaman, Md. Abdur.
270 _aDhaka
_bNahar Book Depot.
_dBanglsdesh.
365 _b261.00
_d261.00
942 _2ddc
_cBK
999 _c461
_d461